000 00435nam a2200169Ia 4500
003 GCL
008 140319s9999 xx 000 0 ara d
040 _aGCL /
_cGCL
082 0 4 _a131.32
_bح ك
100 1 _aحلمى مراد
245 1 0 _aكيف تحصل على الثروة /
_cحلمى مراد
300 _a208
490 _aكتابى
_v0
650 0 4 _aالقصص
650 0 4 _aالقصص المترجمة
942 _2ddc
_cBK
999 _c46522
_d46522